000 01234nam a22002177a 4500
999 _c6379
_d6379
003 AR-CdUCM
008 190315b ||||| |||| 00| 0 spa d
020 _a84-7069-407-3
040 _aMUNICIPALIDAD PROVINCIAL DEL CUSCO
_cBIBLIOTECA MUNICIPAL DEL CUSCO
082 _a155 /
_bC81
110 _aGrupo Editorial Océano
_918175
245 _aConsultor de Psicología infantil y juvenil :
_bLa Adolescencia /
260 _aBarcelona :
_bEdiciones Océano-éxito,
300 _a2 volúmenes ;
_bilustraciones, fotografías,
_c26 cm.
505 _aContenido: v.1: Teoría del cambio las distintas escuelas -- Período prenatal -- Distintas etapas del desarrollo -- Del parto a los seis meses -- Diferencias individuales ... -- v.2: Evolución y dificultades en el niño -- El niño de cero a doce meses -- El niño de doce a veinticuatro meses -- El niño de dos a cinco años -- Trastornos del control esfinteriano ... -- v.3: Primeros síntomas de la pubertad -- Aparición de la pubertad -- Cambios físicos y psíquicos -- Infancia y adolescencia -- Formas de vivir la adolescencia...
650 _aPsicología
_91538
650 _aInfantil y juvenil
_918176
650 _aDesarrollo
_92021
942 _2ddc
_cLIBROS
945 _aachl